00220nam a22000977a 4500040000600000082002000006100003200026245002300058260003100081300001000112 c0 a297.122bH344 R aMuhammad Younas Hasrat M.A. aRehnumahay Tasmeya aLahorebHamdard Kitab Kana a368p.